| 000 | 00603nam a2200205 i 4500 | ||
|---|---|---|---|
| 001 | 186633 | ||
| 003 | SpMaBN | ||
| 005 | 20260623174046.0 | ||
| 008 | 161209s1989 fr |||| | fre d | ||
| 100 | 1 |
_aMalraux, André, _d1901-1976 _975859 |
|
| 245 | 1 | 3 |
_aLa condition humaine / _cAndré Malraux. |
| 250 | _aÉd. rev. et corr. | ||
| 260 |
_a[Paris] : _bGallimard, _c1989. |
||
| 300 |
_a287 p. ; _c17 cm. |
||
| 490 | 1 |
_aLe livre de poche ; _v27 |
|
| 586 | _aEn contracub.: Prix Goncourt | ||
| 830 | 0 | 3 |
_aLe livre de poche _v27 _9179656 |
| 852 |
_aES-MaACL _jL-31022 |
||
| 999 |
_c186633 _d186633 |
||